[Event "Schachfestival 2013"]
[Site "Bad Woerishofen"]
[Date "2013.03.08"]
[Round "9.46"]
[White "Blaeser, Romain"]
[Black "Schiffer, Steve"]
[Result "1/2-1/2"]
[WhiteElo "1961"]
[BlackElo "2094"]
[Annotator "chessorg"]
[PlyCount "73"]
[EventDate "2013.??.??"]
[WhiteTeam "Differdange"]
[BlackTeam "SV Schachforum Darmstadt 1994"]

1. d4 g6 2. Nf3 Bg7 3. Nc3 d6 4. Bf4 Nf6 5. h3 c6 6. Qd2 b5 7. a3 a6 8. e4 O-O
9. Bh6 Qc7 10. Bd3 e5 11. Bxg7 Kxg7 12. O-O Re8 13. Rfe1 Nbd7 14. Rad1 Nf8 15.
Bf1 Bb7 16. dxe5 dxe5 17. Qd6 Qb6 18. Qb4 c5 19. Na4 cxb4 20. Nxb6 Rab8 21. Nd5
Nxd5 22. exd5 bxa3 23. bxa3 f6 24. c4 Red8 25. Rb1 Ba8 26. Red1 bxc4 27. Rxb8
Rxb8 28. Bxc4 Rb6 29. Nd2 f5 30. Nb3 Nd7 31. f3 Rd6 32. Kf2 Nf6 33. Nc5 Nxd5
34. Nxa6 Rc6 35. Bxd5 Rxa6 36. Bxa8 Rxa8 37. Rd3 1/2-1/2

[Event "Schachfestival 2013"]
[Site "Bad Woerishofen"]
[Date "2013.03.08"]
[Round "9.53"]
[White "Kerber, Alfred"]
[Black "Klett, Thomas"]
[Result "1-0"]
[WhiteElo "2009"]
[BlackElo "1874"]
[Annotator "chessorg"]
[PlyCount "93"]
[EventDate "2013.??.??"]
[BlackTeam "SV Urach"]

1. e4 Nf6 2. e5 Nd5 3. d4 d6 4. f4 dxe5 5. fxe5 Nc6 6. Bb5 Bf5 7. Nf3 e6 8. c4
Ndb4 9. O-O Be7 10. Bxc6+ bxc6 11. Na3 O-O 12. Qa4 c5 13. Be3 cxd4 14. Nxd4 Be4
15. Rad1 Bg5 16. Bf2 Qe7 17. Rfe1 Bb7 18. c5 Nd5 19. Qc4 a5 20. Nab5 Ba6 21. a4
Nb4 22. c6 Rfd8 23. Nf3 Rd5 24. Rxd5 Nxd5 25. Bc5 Qd8 26. Qg4 Be7 27. Bxe7 Qxe7
28. Ng5 Qc5+ 29. Kh1 Qxc6 30. Qh5 h6 31. Qxf7+ Kh8 32. Nxe6 Rg8 33. Nexc7 Ne3
34. Qf3 Qxf3 35. gxf3 Nc2 36. Re2 Nb4 37. e6 Bb7 38. e7 Bxf3+ 39. Rg2 Nd3 40.
Kg1 Bxg2 41. Kxg2 Nxb2 42. Nd6 Nxa4 43. Ne6 g6 44. Nf8 Kg7 45. e8=Q Rxf8 46.
Qe5+ Kg8 47. Qxa5 1-0

[Event "Schachfestival 2013"]
[Site "Bad Woerishofen"]
[Date "2013.03.08"]
[Round "9.60"]
[White "Koch, Till"]
[Black "Haugg, Gerhard"]
[Result "1-0"]
[WhiteElo "1869"]
[BlackElo "1951"]
[Annotator "chessorg"]
[PlyCount "35"]
[EventDate "2013.??.??"]
[WhiteTeam "Schachverein Unser Fritz Wanne-E"]
[BlackTeam "Spgem Koetz/Ichenhausen"]

1. e4 e6 2. d4 d5 3. Nc3 Nf6 4. Bg5 Be7 5. e5 Nfd7 6. h4 h6 7. Qh5 Rg8 8. Be3
c5 9. O-O-O cxd4 10. Bxd4 Nc6 11. f4 Nxd4 12. Rxd4 Bc5 13. Rd3 Bf8 14. Nxd5 Nc5
15. Nf6+ gxf6 16. Rxd8+ Kxd8 17. exf6 Bd7 18. Qxf7 1-0

[Event "Schachfestival 2013"]
[Site "Bad Woerishofen"]
[Date "2013.03.08"]
[Round "9.61"]
[White "Natterer, Winfried"]
[Black "Distelrath, Oliver"]
[Result "0-1"]
[WhiteElo "1815"]
[BlackElo "1950"]
[Annotator "chessorg"]
[PlyCount "66"]
[EventDate "2013.??.??"]
[WhiteTeam "SC Dietmansried"]
[BlackTeam "Schachverein Unser Fritz Wanne-E"]

1. e4 d6 2. d4 Nf6 3. Bd3 e5 4. d5 c6 5. c4 Nbd7 6. b4 a5 7. Bd2 Qb6 8. bxa5
Qd4 9. Bc3 Qa7 10. Ne2 Be7 11. O-O O-O 12. Nd2 Nc5 13. Nb3 Ncxe4 14. Qc2 Nxc3
15. Nxc3 Bd7 16. Rad1 Rac8 17. Qd2 Bd8 18. Ne4 Nxe4 19. Bxe4 f5 20. dxc6 Bxc6
21. Bd5+ Kh8 22. Be6 Ra8 23. Qxd6 Bxa5 24. Qxe5 Bb4 25. Qg3 f4 26. Qg4 Qxa2 27.
Rd3 f3 28. Nd4 fxg2 29. Nf3 gxf1=Q+ 30. Kxf1 Qb1+ 31. Ke2 Qc2+ 32. Nd2 Bxd2 33.
Rh3 Bh6+ 0-1

[Event "Schachfestival 2013"]
[Site "Bad Woerishofen"]
[Date "2013.03.08"]
[Round "9.68"]
[White "Gerken, Juergen"]
[Black "Riedl, Guenter"]
[Result "0-1"]
[WhiteElo "1594"]
[BlackElo "1921"]
[Annotator "chessorg"]
[PlyCount "62"]
[EventDate "2013.??.??"]
[WhiteTeam "SC Sottrum"]
[BlackTeam "SK Marktoberdorf"]

1. d4 d5 2. c4 e6 3. Nc3 Nf6 4. Bg5 Be7 5. e3 h6 6. Bxf6 Bxf6 7. Nf3 O-O 8. Qb3
c6 9. cxd5 exd5 10. Be2 Nd7 11. O-O Nb6 12. a4 Qe7 13. a5 Nd7 14. Qa3 Re8 15.
b4 a6 16. Rac1 Qd6 17. Na4 Be7 18. Nc5 Nf8 19. Ne5 Ng6 20. f4 Qd8 21. Bh5 Bxc5
22. bxc5 Bf5 23. Qb4 Re7 24. Qe1 Rc8 25. g4 Nxe5 26. fxe5 Bd3 27. Rf4 g6 28.
Qg3 Re6 29. g5 hxg5 30. Rf6 Rxf6 31. Qxg5 Rf1+ 0-1

[Event "Schachfestival 2013"]
[Site "Bad Woerishofen"]
[Date "2013.03.08"]
[Round "9.69"]
[White "Tichacek, Alois"]
[Black "Traversi, Carlo"]
[Result "1-0"]
[WhiteElo "1770"]
[BlackElo "1555"]
[Annotator "chessorg"]
[PlyCount "45"]
[EventDate "2013.??.??"]
[WhiteTeam "Marktoberdorf"]

1. c4 Nf6 2. Nc3 e6 3. e4 d6 4. d4 Be7 5. Bd3 e5 6. d5 Na6 7. Nge2 Nc5 8. Bb1
a5 9. O-O O-O 10. f4 exf4 11. Nxf4 Ne8 12. Nd3 Nxd3 13. Qxd3 Bg5 14. Bc2 g6 15.
Bf4 Bxf4 16. Rxf4 Ng7 17. Raf1 f5 18. g4 Qg5 19. Kh1 Bd7 20. exf5 gxf5 21. gxf5
Bxf5 22. Rxf5 Nxf5 23. Rg1 1-0

[Event "Schachfestival 2013"]
[Site "Bad Woerishofen"]
[Date "2013.03.08"]
[Round "9.70"]
[White "Schoknecht, Sabine"]
[Black "Willin, Bernhard"]
[Result "0-1"]
[WhiteElo "1712"]
[BlackElo "2027"]
[Annotator "chessorg"]
[PlyCount "48"]
[EventDate "2013.??.??"]
[BlackTeam "SC Horben"]

1. d4 c5 2. e3 e6 3. Bd3 Nf6 4. Nd2 d5 5. c3 Bd7 6. Ne2 Bc6 7. O-O Nbd7 8. Ng3
h5 9. e4 h4 10. e5 hxg3 11. exf6 gxh2+ 12. Kh1 gxf6 13. Nf3 Bd6 14. Qe2 Qc7 15.
c4 dxc4 16. Bxc4 O-O-O 17. Be3 Kb8 18. a3 Bxf3 19. gxf3 cxd4 20. Bd2 Ne5 21.
Bb5 Qc5 22. Bd3 Nxd3 23. Qxd3 Qd5 24. Rae1 f5 0-1

[Event "Schachfestival 2013"]
[Site "Bad Woerishofen"]
[Date "2013.03.08"]
[Round "9.77"]
[White "Sakowski, Christian"]
[Black "Dobierzin, Olaf"]
[Result "0-1"]
[WhiteElo "1960"]
[BlackElo "2056"]
[Annotator "chessorg"]
[PlyCount "56"]
[EventDate "2013.??.??"]
[WhiteTeam "SC Tuerkheim/Bad Wörishofen"]
[BlackTeam "Schachgemeinschaft Leipzig"]

1. c4 g6 2. d4 Bg7 3. Nc3 c5 4. d5 d6 5. e4 Nf6 6. Bd3 O-O 7. Nf3 Bg4 8. h3
Bxf3 9. Qxf3 Nbd7 10. Bf4 Qa5 11. O-O a6 12. Qe2 Rab8 13. Bd2 Ne5 14. f4 Nxd3
15. Qxd3 b5 16. cxb5 axb5 17. a3 Qb6 18. Be3 b4 19. Nd1 bxa3 20. Rxa3 Nd7 21.
b3 Rb7 22. Nc3 Qb4 23. Nb1 Bb2 24. Bd2 Qb6 25. Ba5 c4+ 26. Kh1 cxd3 27. Bxb6
Bxa3 28. Nxa3 Rxb6 0-1

[Event "Schachfestival 2013"]
[Site "Bad Woerishofen"]
[Date "2013.03.08"]
[Round "9.83"]
[White "Lampert, Joshua"]
[Black "Titz, Waldemar"]
[Result "1/2-1/2"]
[WhiteElo "1596"]
[BlackElo "1734"]
[Annotator "chessorg"]
[PlyCount "32"]
[EventDate "2013.??.??"]
[WhiteTeam "Hamburger SK von 1830 eV"]
[BlackTeam "SV Rottweil"]

1. e4 d6 2. d4 Nf6 3. Nc3 g6 4. Be3 Bg7 5. f3 Nc6 6. Qd2 b6 7. Nge2 Bb7 8. Bh6
O-O 9. h4 Qd7 10. h5 e5 11. hxg6 fxg6 12. d5 Nd8 13. O-O-O Bxh6 14. Qxh6 Qg7
15. Qh3 Bc8 16. Qh4 a6 1/2-1/2